| 000 | 00452nam a2200181Ia 4500 | ||
|---|---|---|---|
| 005 | 20250423094552.0 | ||
| 008 | 250422s9999 xx 000 0 und d | ||
| 020 | _a1-86100-778-7 | ||
| 050 | _aQA 76.73 .B3 F73/ | ||
| 100 | _aFraser, Stewart | ||
| 245 | 0 | _aBeginning VB.NET XML : essential XML skills for VB.NET programmers | |
| 260 | _aBirmingham | ||
| 260 | _bWrox | ||
| 260 | _c2002 | ||
| 300 | _a721 p | ||
| 650 | _aprogramme | ||
| 942 | _cBK | ||
| 999 |
_c27632 _d27632 |
||